[Event "Mistrzostwa Polski Mlodzikow do 10 lat  - chlopcy"]
[Site "Chrusty k. Zagnanska"]
[Date "1899-12-30"]
[Round "5.4"]
[White "Bartodziej, Bartosz"]
[Black "Karp, Kacper"]
[Result "1-0"]
[WhiteTitle "II"]
[BlackTitle "II+"]
[WhiteElo "1468"]
[BlackElo "1287"]

1. e4 c5 2. Nf3 d6 3. d4 cxd4 4. Nxd4 Nf6 5. Nc3 e6 6. Be2 a6 7. O-O Nbd7 8. Be3
b5 9. f3 Bb7 10. Qd2 Be7 11. Rad1 Nb6 12. Qe1 O-O 13. Nb3 Qc7 14. Qf2 Nc4 15.
Bxc4 bxc4 16. Nd4 d5 17. exd5 Nxd5 18. Nxd5 exd5 19. c3 Bd6 20. g3 Rfe8 21. Rfe1
Re5 22. f4 Re4 23. Nf5 Rae8 24. Bd4 f6 25. Rxe4 Rxe4 26. Re1 Qd7 27. Rxe4 dxe4
28. Ne3 Bc8 29. Qe2 Qb5 30. Qxc4+ Qxc4 31. Nxc4 Bc7 32. b3 Kf7 33. Kf2 Ke6 34.
Ke3 Bb7 35. Bb6 Bxb6+ 36. Nxb6 f5 37. Kd4 Bc6 38. c4 h6 39. a4 a5 40. c5 g5 41.
Nc4 g4 42. Nxa5 Bd7 43. c6 Bc8 44. b4 Kd6 45. b5 h5 46. Nc4+ Kc7 47. a5 Be6 48.
Ne5 Bc8 49. b6+ Kb8 50. Nd7+ Ka8 51. b7+ Bxb7 52. cxb7+ Kxb7 53. Nc5+ 1-0

[Event "Mistrzostwa Polski Mlodzikow do 10 lat  - chlopcy"]
[Site "Chrusty k. Zagnanska"]
[Date "1899-12-30"]
[Round "5.5"]
[White "Wierzbicki, Dawid"]
[Black "Krol, Jan"]
[Result "1-0"]
[WhiteTitle "I"]
[BlackTitle "II"]
[WhiteElo "1419"]
[BlackElo "1310"]

1. e4 c5 2. Nc3 Nc6 3. g3 g6 4. Bg2 Bg7 5. d3 d6 6. Be3 e6 7. Qd2 Rb8 8. Nge2 Nd4
9. Nc1 Ne7 10. Nd1 b5 11. c3 Ndc6 12. Bh6 O-O 13. h4 f5 14. h5 Rf7 15. hxg6 hxg6
16. Bxg7 Rxg7 17. Qg5 Kf7 18. Ne2 Ng8 19. Qxd8 Nxd8 20. Ne3 Ne7 21. Rh8 Rg8 22.
Rxg8 Kxg8 23. exf5 gxf5 24. Kd2 Bb7 25. Bxb7 Nxb7 26. Rh1 Kg7 27. Nf4 e5 28. Nfd5
Nxd5 29. Nxd5 Rh8 30. Rxh8 Kxh8 31. Ne7 Kg7 32. Nxf5+ Kf6 33. Ne3 Ke6 34. Nc2
a5 35. Ke3 Kf5 36. d4 Nd8 37. dxc5 dxc5 38. f3 Nb7 39. Ne1 Nd6 40. Nd3 c4 41.
Nc5 b4 42. g4+ Kg6 43. Nd7 e4 44. fxe4 bxc3 45. bxc3 Kg5 46. Nb6 Nb5 47. Nd5 a4
48. e5 Kxg4 49. e6 Nd6 50. e7 Ne8 51. Ke4 Kg5 52. Ke5 Kg6 53. Ke6 a3 54. Nb6 Ng7+
55. Kd7 Kf7 56. Nxc4 Kf6 57. e8=Q Nxe8 58. Kxe8 Ke6 59. Nxa3 Kd5 60. Kd7 Kc5 61.
c4 Kb4 62. Kd6 Kxa3 63. c5 Kxa2 64. c6 Kb2 65. c7 Kc3 66. c8=Q+ Kd4 67. Qc5+ 1-0

[Event "Mistrzostwa Polski Mlodzikow do 10 lat  - chlopcy"]
[Site "Chrusty k. Zagnanska"]
[Date "1899-12-30"]
[Round "5.6"]
[White "Musin, Pawel"]
[Black "Grot, Blazej"]
[Result "1/2-1/2"]
[WhiteTitle "II"]
[BlackTitle "CM"]
[WhiteElo "1151"]
[BlackElo "1418"]

1. e4 c5 2. Nf3 d6 3. Nc3 Nf6 4. d4 cxd4 5. Nxd4 a6 6. Bd3 b5 7. a3 Bb7 8. O-O
e6 9. Kh1 Be7 10. Bd2 Nbd7 11. f4 Rc8 12. Qf3 Nb6 13. Rae1 Nc4 14. Bc1 Qb6 15.
Be3 Nxe3 16. Qxe3 Ng4 17. Qg3 Nf6 18. Qe3 Ng4 19. Qg3 Nf6 20. Qe3 Ng4 21. Qg3
h5 22. Nf3 Rc5 23. h4 Bf6 24. Nd1 e5 25. f5 Kd8 26. Ng5 Rc7 27. Nf3 Kc8 28. Nf2
Ne3 29. Rg1 Nc4 30. Rb1 Na5 31. Nd1 Nc6 32. Qf2 Qxf2 33. Nxf2 Ne7 34. g3 1/2-1/2

[Event "Mistrzostwa Polski Mlodzikow do 10 lat  - chlopcy"]
[Site "Chrusty k. Zagnanska"]
[Date "1899-12-30"]
[Round "5.7"]
[White "Jaworski, Tymon"]
[Black "Klim, Filip"]
[Result "1/2-1/2"]
[WhiteTitle "II"]
[BlackTitle "II+"]
[WhiteElo "1403"]
[BlackElo "1232"]

1. e4 e5 2. Nf3 Nf6 3. d4 exd4 4. e5 Ne4 5. Qxd4 d5 6. exd6 Nxd6 7. Nc3 Nc6 8.
Qf4 Bf5 9. Bb5 Bd7 10. Be3 Be7 11. O-O O-O 12. Rfe1 Bf6 13. Bxc6 Bxc6 14. Ne5
Bxe5 15. Qxe5 Re8 16. Qf4 Re6 17. Bd4 Qe7 18. Red1 Re8 19. f3 Nb5 20. Nxb5 Bxb5
21. Qg3 Rg6 22. Qf2 Qg5 23. Re1 Rxe1+ 24. Rxe1 b6 25. Re5 Qc1+ 26. Re1 Qf4 27.
Be5 Qc4 28. b3 Qc6 29. c4 Ba6 30. Bxc7 Kf8 31. Be5 Bb7 32. Qd4 Rxg2+ 33. Kh1 Rd2
34. Qxd2 Qxf3+ 35. Kg1 Qh1+ 36. Kf2 Qf3+ 37. Kg1 Qh1+ 1/2-1/2

[Event "Mistrzostwa Polski Mlodzikow do 10 lat  - chlopcy"]
[Site "Chrusty k. Zagnanska"]
[Date "1899-12-30"]
[Round "5.8"]
[White "Zieba, Hubert"]
[Black "Sniadecki, Oskar"]
[Result "1/2-1/2"]
[WhiteTitle "II"]
[BlackTitle "II"]
[WhiteElo "1331"]
[BlackElo "1277"]

1. c4 c5 2. Nc3 Nf6 3. Nf3 e6 4. g3 b6 5. Bg2 Bb7 6. O-O d6 7. d4 Nbd7 8. b3 Be7
9. Bb2 O-O 10. Qd2 Qc7 11. Rfd1 Rad8 12. Nb5 Qb8 13. Nc3 Rfe8 14. Rac1 Bf8 15.
Qc2 Qa8 16. Nh4 Bxg2 17. Nxg2 g6 18. d5 e5 19. e4 Bh6 20. Rb1 a6 21. Rf1 Qc8 22.
Bc1 Bg7 23. Ne3 Nf8 24. Qe2 h6 25. Ncd1 Nxe4 26. Ng4 Ng5 27. h4 h5 28. Bxg5 hxg4
29. Bxd8 Rxd8 30. f3 gxf3 31. Qxf3 f5 32. h5 e4 33. Qf4 Kh7 34. hxg6+ Nxg6 35.
Qxf5 Bd4+ 36. Kg2 Qxf5 37. Rxf5 e3 38. Kf3 Ne5+ 39. Rxe5 Bxe5 40. Kxe3 Rg8 41.
g4 Rxg4 42. Nf2 Bd4+ 43. Kf3 Rg7 44. Ne4 Be5 45. Rh1+ Kg8 46. Rh3 Rf7+ 47. Ke3
Bd4+ 48. Kd3 1/2-1/2

[Event "Mistrzostwa Polski Mlodzikow do 10 lat  - chlopcy"]
[Site "Chrusty k. Zagnanska"]
[Date "1899-12-30"]
[Round "5.10"]
[White "Borowik, Wojciech"]
[Black "Pelka, Maciej"]
[Result "1-0"]
[WhiteTitle "II+"]
[BlackTitle "II"]
[WhiteElo "1527"]
[BlackElo "1227"]

1. d4 Nf6 2. c4 g6 3. Nc3 Bg7 4. Bg5 h6 5. Bh4 O-O 6. e3 d6 7. Nf3 Nbd7 8. Be2
e5 9. O-O Re8 10. Qc2 c6 11. d5 Nf8 12. Rfd1 N8h7 13. dxc6 bxc6 14. Bg3 Nh5 15.
Qa4 Bb7 16. Qb4 Rb8 17. Qxd6 Qa5 18. Qd2 f5 19. Nh4 Nf8 20. Bxh5 gxh5 21. Nxf5
Qc7 22. Nxg7 Qxg7 23. c5 Ne6 24. Ne4 Qg4 25. Nf6+ Kf7 1-0

[Event "Mistrzostwa Polski Mlodzikow do 10 lat  - chlopcy"]
[Site "Chrusty k. Zagnanska"]
[Date "1899-12-30"]
[Round "5.11"]
[White "Skrzypinski, Jan"]
[Black "Warchol, Kamil"]
[Result "0-1"]
[WhiteTitle "II"]
[BlackTitle "CM"]
[WhiteElo "1194"]
[BlackElo "1431"]

1. e4 e5 2. Nf3 Nc6 3. Bc4 Bc5 4. c3 Nf6 5. d4 exd4 6. cxd4 Bb4+ 7. Nc3 Nxe4 8.
O-O Bxc3 9. d5 Bf6 10. Re1 Ne7 11. Rxe4 d6 12. Bg5 Bxg5 13. Nxg5 h6 14. Qh5 O-O
15. Rae1 Nf5 16. Nxf7 Qf6 17. g4 Qxf7 18. Qxf7+ Rxf7 19. gxf5 Bxf5 20. Re8+ Rxe8
21. Rxe8+ Rf8 22. Re7 Rc8 23. Kg2 Kf8 24. Re3 Re8 25. Kf3 Rxe3+ 26. fxe3 Kf7 27.
e4 Bd7 28. e5 dxe5 29. d6+ Ke8 30. dxc7 Bc6+ 31. Ke3 Kd7 32. Bd3 Kxc7 33. Bg6
Kd6 34. b4 Ke6 35. Bc2 g5 36. Bd3 b6 37. a3 e4 38. Be2 Ke5 39. Bd1 Be8 40. Bc2
Bg6 41. Bd1 h5 42. Be2 h4 43. Bf1 g4 44. a4 a5 45. bxa5 bxa5 46. Bb5 g3 47. hxg3
hxg3 48. Be2 Bf5 49. Bf1 Bd7 50. Bg2 Bc6 51. Bh1 Kf5 52. Bg2 Kg4 53. Bf1 Bxa4
54. Kxe4 Bc6+ 55. Kd4 Kf3 56. Bh3 Kf2 57. Kc5 Bd7 0-1

[Event "Mistrzostwa Polski Mlodzikow do 10 lat  - chlopcy"]
[Site "Chrusty k. Zagnanska"]
[Date "1899-12-30"]
[Round "5.12"]
[White "Zmarzly, Wiktor"]
[Black "Baszczynski, Gabriel"]
[Result "0-1"]
[WhiteTitle "II"]
[BlackTitle "II"]
[WhiteElo "1185"]
[BlackElo "1299"]

1. d4 Nf6 2. c4 e6 3. Nf3 Bb4+ 4. Nbd2 O-O 5. a3 Bxd2+ 6. Qxd2 b6 7. e3 Bb7 8.
Bd3 d5 9. b4 Nbd7 10. Bb2 Qe7 11. O-O c5 12. Qc2 Rfc8 13. Qb3 b5 14. Qc3 dxc4
15. Bc2 Nd5 16. Qe1 cxb4 17. axb4 Nxb4 18. Qb1 Nxc2 19. Qxc2 b4 20. Rab1 Nf6 21.
Qa4 a5 22. Ne5 Qe8 23. Qxe8+ Nxe8 24. Rfc1 c3 25. Bxc3 Be4 26. Rb3 Rxc3 27. Rbxc3
bxc3 28. Rxc3 a4 29. Nc4 Rc8 30. f3 Bd5 31. e4 Rxc4 32. Ra3 Bc6 33. Kf2 Rxd4 34.
Ke3 Rb4 35. h4 Rb3+ 36. Rxb3 axb3 37. Kd3 Ba4 38. Kc3 Kf8 39. g3 Ke7 40. e5 Kd7
41. f4 Nc7 42. g4 Nd5+ 43. Kb2 Nxf4 44. g5 Nd3+ 45. Ka1 b2+ 46. Kb1 g6 47. h5
gxh5 48. g6 hxg6 49. Ka2 Bc2 50. Ka3 b1=R 51. Ka2 Rc1 52. Ka3 Ra1# 0-1

[Event "Mistrzostwa Polski Mlodzikow do 10 lat  - chlopcy"]
[Site "Chrusty k. Zagnanska"]
[Date "1899-12-30"]
[Round "5.14"]
[White "Mulawa, Cyprian"]
[Black "Spionkowski, Fabian"]
[Result "1-0"]
[WhiteTitle "II"]
[BlackTitle "II"]
[WhiteElo "1191"]
[BlackElo "1125"]

1. e4 d6 2. d4 Nf6 3. Nc3 g6 4. Nf3 Bg7 5. Be2 O-O 6. Bg5 Nc6 7. Qd2 e5 8. d5 Ne7
9. Bh6 a6 10. Bxg7 Kxg7 11. O-O-O b5 12. Bd3 b4 13. Ne2 a5 14. Ng3 Bd7 15. h4
h5 16. Nf5+ Bxf5 17. exf5 Nexd5 18. fxg6 fxg6 19. Ng5 Qe7 20. f3 a4 21. Bc4 c6
22. Ne4 b3 23. a3 bxc2 24. Kxc2 Rac8 25. Kb1 Nxe4 26. fxe4 Nb6 27. Be2 Rf2 28.
Qe3 Qf8 29. Rhf1 Rxf1 30. Rxf1 Qd8 31. Qf2 Rb8 32. Qf7+ Kh8 33. Qxg6 Qxh4 34.
Rf7 Qe1+ 35. Ka2 Nc4 36. Qh7# 1-0

[Event "Mistrzostwa Polski Mlodzikow do 10 lat  - chlopcy"]
[Site "Chrusty k. Zagnanska"]
[Date "1899-12-30"]
[Round "5.15"]
[White "Sowinski, Pawel"]
[Black "Skowron, Dawid"]
[Result "1-0"]
[WhiteTitle "II"]
[BlackTitle "II"]
[WhiteElo "1142"]
[BlackElo "1205"]

1. c4 e5 2. g3 Bc5 3. Nc3 a6 4. Bg2 d6 5. e3 Nc6 6. Nge2 Nf6 7. O-O Be6 8. d4 exd4
9. exd4 Bb6 10. d5 Bd7 11. dxc6 bxc6 12. Bg5 h6 13. Bxf6 Qxf6 14. Qd2 h5 15. Qf4
Qd8 16. Nd4 Bxd4 17. Qxd4 f6 18. Rae1+ Kf7 19. Rd1 Rb8 20. c5 d5 21. Nxd5 cxd5
22. Qxd5+ Be6 23. Qc6 Qe7 24. Rfe1 Rhd8 25. Bd5 Kf8 26. Rxe6 Qd7 27. Rxf6+ gxf6
28. Qxf6+ Ke8 29. Re1+ Qe6 30. Qxe6+ Kf8 31. Qf7# 1-0

[Event "Mistrzostwa Polski Mlodzikow do 10 lat  - chlopcy"]
[Site "Chrusty k. Zagnanska"]
[Date "1899-12-30"]
[Round "5.16"]
[White "Stanik, Szymon"]
[Black "Rozek, Michal"]
[Result "1/2-1/2"]
[WhiteTitle "II"]
[BlackTitle "II"]
[WhiteElo "1137"]
[BlackElo "1196"]

1. c4 e5 2. e3 Nf6 3. a3 d5 4. cxd5 Nxd5 5. Nf3 Bd6 6. Qc2 Be6 7. b4 O-O 8. Bb2
Nd7 9. d3 c6 10. Nbd2 N5b6 11. d4 exd4 12. Nxd4 Qe7 13. Bd3 h6 14. Bh7+ Kh8 15.
O-O Ne5 16. Nxe6 Qxe6 17. Bf5 Qe7 18. Qc3 Na4 19. Qc2 Nxb2 20. Qxb2 Rad8 21. Rfd1
Bc7 22. Nb3 Qg5 23. Bh3 Nf3+ 24. Kh1 Nxh2 25. f4 Qg3 26. Nd4 Ng4 27. Bxg4 Qxg4
28. Nf3 Qh5+ 29. Kg1 Bb6 30. Nd4 Bxd4 31. Rxd4 Qg6 32. Qd2 Qf6 33. Rd1 Rxd4 34.
Qxd4 Qxd4 35. Rxd4 Re8 36. Kf2 Re7 37. e4 Kh7 38. Kf3 Kg6 39. f5+ Kg5 40. g4 h5
41. gxh5 Kxh5 42. Kf4 g5+ 43. Kf3 Kh6 44. Kg4 f6 45. Rd6 Rf7 1/2-1/2

[Event "Mistrzostwa Polski Mlodzikow do 10 lat  - chlopcy"]
[Site "Chrusty k. Zagnanska"]
[Date "1899-12-30"]
[Round "5.17"]
[White "Komendecki, Antoni"]
[Black "Duda, Leon"]
[Result "1-0"]
[WhiteTitle "II"]
[BlackTitle "II"]
[WhiteElo "1123"]
[BlackElo "1186"]

1. e4 c5 2. Nf3 d6 3. d4 cxd4 4. Nxd4 Nf6 5. Nc3 g6 6. Be3 Bg7 7. h3 O-O 8. Qd2
Nc6 9. O-O-O d5 10. Nxc6 bxc6 11. exd5 cxd5 12. Nxd5 Nxd5 13. Qxd5 Qc7 14. Qc5
Qb7 15. Qb5 Qxb5 16. Bxb5 Rb8 17. Bc4 Bxb2+ 18. Kd2 Rd8+ 19. Ke2 Bf5 20. Bxa7
Bxc2 21. Rd2 Bf5 22. Bxb8 Rxb8 23. g4 Bc3 24. gxf5 Bxd2 25. Kxd2 gxf5 26. Kc3
e6 27. a4 Kf8 28. a5 Ke7 29. Rd1 Rb7 30. a6 Rb8 31. a7 Ra8 32. Ra1 Kd6 33. f4
Kc5 34. Be2 Kb6 35. Kd4 Rxa7 36. Rxa7 Kxa7 37. Ke5 Kb7 38. Bh5 f6+ 39. Kxe6 Kc7
40. Kxf6 Kd7 41. Kxf5 Ke7 42. Ke5 Kf8 43. Be2 Kf7 44. h4 Kg6 45. f5+ Kh6 46. f6
Kg6 47. Ke6 h5 48. f7 Kg7 49. Ke7 1-0

[Event "Mistrzostwa Polski Mlodzikow do 10 lat  - chlopcy"]
[Site "Chrusty k. Zagnanska"]
[Date "1899-12-30"]
[Round "5.18"]
[White "Bartoszczuk, Adam"]
[Black "Jasiulewicz, Dawid"]
[Result "1/2-1/2"]
[WhiteTitle "II"]
[BlackTitle "II"]
[WhiteElo "1180"]
[BlackElo "1141"]

1. e4 e6 2. Nf3 d5 3. Nc3 dxe4 4. Nxe4 Bd7 5. d4 Bc6 6. Ng3 Bxf3 7. Qxf3 c6 8.
c3 Nf6 9. Bd3 Be7 10. O-O O-O 11. Nh5 Nbd7 12. Bd2 Qc7 13. Rfe1 Rad8 14. Bf4 Qb6
15. Rab1 c5 16. dxc5 Nxc5 17. Bc2 Rd5 18. Nxf6+ Bxf6 19. Qh3 g6 20. Qg3 Re8 21.
b4 Nd7 22. c4 Rd4 23. Be3 Bh4 24. Bxd4 Qxd4 25. Qe3 Qxc4 26. Qd3 Qc7 27. Ba4 Rd8
28. Rbc1 Ne5 29. Qc3 Bxf2+ 30. Kxf2 Qxc3 31. Rxc3 Nd3+ 32. Rxd3 Rxd3 33. Ke2 Rd4
34. a3 Rc4 35. Rd1 Rc3 36. Rd3 Rc7 37. Rd7 Rxd7 38. Bxd7 Kf8 39. Ba4 Ke7 40. Kd3
Kd6 41. Kd4 e5+ 42. Ke3 f5 43. Bc2 Kd5 44. Bb3+ Kd6 45. Ke4 1/2-1/2

[Event "Mistrzostwa Polski Mlodzikow do 10 lat  - chlopcy"]
[Site "Chrusty k. Zagnanska"]
[Date "1899-12-30"]
[Round "5.19"]
[White "Murawski, Milosz"]
[Black "Szreter, Marek"]
[Result "1-0"]
[WhiteTitle "II"]
[BlackTitle "II"]
[WhiteElo "1068"]
[BlackElo "1172"]

1. Nf3 d5 2. d4 Nc6 3. c4 Nf6 4. Bg5 Ne4 5. cxd5 Qxd5 6. Nc3 Nxc3 7. bxc3 Bg4 8.
Bf4 e6 9. Qc2 Be7 10. e4 Qa5 11. Nd2 O-O 12. Bd3 Rfd8 13. O-O e5 14. Nc4 Qb5 15.
Nxe5 Qa5 16. Nxg4 Qh5 17. Be2 Qg6 18. Ne5 Nxe5 19. Bxe5 Rd5 20. Bd3 Rd7 21. Rab1
b6 22. Bb5 Rd5 23. Bd3 Rd7 24. Bg3 Qh6 25. e5 Rad8 26. Bf5 Rd5 27. Be4 R5d7 28.
Qe2 a5 29. Qf3 Rf8 30. Bf4 Qh4 31. Qg3 Qh5 32. Bf3 Qg6 33. Qxg6 fxg6 34. Bg3 Rdd8
35. Rfe1 Rc8 36. Rb5 Rfe8 37. Bg4 Rb8 38. Bd7 Red8 39. Bc6 Ba3 40. e6 Be7 41.
Bxc7 Rdc8 42. Bxb8 Rxc6 43. g3 Kf8 44. Re3 g5 45. Rf5+ Ke8 46. Rf7 h5 47. Rxg7
Kf8 48. Rh7 h4 49. Rf3+ Kg8 50. Rxe7 1-0

[Event "Mistrzostwa Polski Mlodzikow do 10 lat  - chlopcy"]
[Site "Chrusty k. Zagnanska"]
[Date "1899-12-30"]
[Round "5.20"]
[White "Bochniak, Franciszek"]
[Black "Nocek, Dominik"]
[Result "1-0"]
[WhiteTitle "III"]
[BlackTitle "II"]
[WhiteElo "1059"]
[BlackElo "1150"]

1. e4 e5 2. Nf3 Nc6 3. Bc4 Nf6 4. Ng5 d5 5. exd5 Na5 6. Bb5+ c6 7. dxc6 bxc6 8.
Bd3 h6 9. Ne4 Nb7 10. Nxf6+ Qxf6 11. O-O Bd6 12. Qe2 O-O 13. Nc3 Qh4 14. Ne4 Bc7
15. Ng3 Bg4 16. f3 Bb6+ 17. Kh1 Bd7 18. Qxe5 g6 19. Qe4 Qg5 20. Be2 Nd6 21. Qd3
Qe7 22. Ne4 Bf5 23. Qxd6 Qxd6 24. Nxd6 Bxc2 25. b3 Rad8 26. Nc4 Bc7 27. Bb2 Bf4
28. Bc3 Bf5 29. d4 Rfe8 30. Ne5 c5 31. Bb5 cxd4 32. Bxe8 dxc3 33. Ng4 c2 34. g3
c1=Q 35. Raxc1 Bxc1 36. Rxc1 Bxg4 37. Bxf7+ Kxf7 38. fxg4 Kf6 39. Rc6+ Kg5 40.
Ra6 Kxg4 41. Rxg6+ Kf3 42. h4 Rd1+ 43. Kh2 Rd2+ 44. Kh3 Rxa2 45. Rxh6 Ra1 46.
Rf6+ Ke4 47. Kg4 Ra3 48. h5 Rxb3 49. Ra6 Rb7 50. h6 Ke5 51. Kg5 Rf7 52. g4 Kd5
53. Rf6 Re7 54. Kg6 Ke5 55. g5 Kd4 56. h7 Re8 57. Kg7 Re7+ 58. Rf7 Re5 59. h8=Q
Rxg5+ 60. Kh6+ Re5 61. Rf5 1-0

[Event "Mistrzostwa Polski Mlodzikow do 10 lat  - chlopcy"]
[Site "Chrusty k. Zagnanska"]
[Date "1899-12-30"]
[Round "5.23"]
[White "Adamala, Tomasz"]
[Black "Duda, Szymon"]
[Result "1/2-1/2"]
[WhiteTitle "III"]
[BlackTitle "III"]
[WhiteElo "1196"]
[BlackElo "1085"]

1. e4 e5 2. Nf3 Nc6 3. Bc4 Bc5 4. c3 Nf6 5. d3 d6 6. h3 h6 7. Nbd2 O-O 8. Nf1 Bd7
9. Ng3 Qe7 10. O-O Bb6 11. Be3 Kh7 12. Re1 Rad8 13. Bb3 Rc8 14. Qd2 Bxe3 15. Rxe3
a6 16. d4 Rcd8 17. Rd1 Rfe8 18. Qc2 Kh8 19. d5 Na7 20. c4 Rc8 21. Rc3 b6 22. Ba4
g6 23. Bxd7 Qxd7 24. Qc1 Kg7 25. Nh4 Rh8 26. Rf3 Rcd8 27. b3 Nc8 28. Qe3 Ne7 29.
Rd3 a5 30. a4 Qc8 31. Kf1 Qd7 32. Ne2 Qc8 33. g4 g5 34. Nf5+ Nxf5 35. Rxf5 Ne8
36. Qf3 Rf8 37. h4 f6 38. hxg5 hxg5 39. Ng3 Kg6 40. Qh1 Ng7 41. Kg1 Nxf5 42. Qg2
Rh8 43. Nxf5 Rh7 44. Rh3 Rdh8 45. f3 Qd7 46. Rxh7 Rxh7 47. Ng3 Qe7 48. Nf5 Qd7
49. Qh1 1/2-1/2

[Event "Mistrzostwa Polski Mlodzikow do 10 lat  - chlopcy"]
[Site "Chrusty k. Zagnanska"]
[Date "1899-12-30"]
[Round "5.24"]
[White "Olszewski, Antoni"]
[Black "Przewlocki, Marcin"]
[Result "1-0"]
[WhiteTitle "II"]
[BlackTitle "II"]
[WhiteElo "1061"]
[BlackElo "1173"]

1. e4 e5 2. Nf3 Nc6 3. Bc4 Nf6 4. d3 Bc5 5. Nc3 h6 6. h3 O-O 7. O-O d6 8. Na4 Bb6
9. Nxb6 axb6 10. c3 Qe7 11. Re1 Rd8 12. d4 Qe8 13. d5 Ne7 14. Qd3 Bd7 15. Be3
Ng6 16. Kh2 Qe7 17. Rad1 Rf8 18. Bb3 Nh7 19. c4 f5 20. Bd2 fxe4 21. Qxe4 Bf5 22.
Qe3 e4 23. Nd4 Qe5+ 24. Kg1 Rae8 25. Bc3 Qe7 26. Ba4 Ra8 27. Bb3 Rae8 28. Ba4
Ra8 29. b3 Bd7 30. Bxd7 Qxd7 31. Ne6 Rf7 32. Qxe4 Rxa2 33. Qxg6 Raxf2 34. Bxg7
Rxg7 35. Qxg7+ Qxg7 36. Nxg7 Rf7 37. Ne6 Rf6 38. Rf1 Rg6 39. Rd3 Nf6 40. Rdf3
Nh5 41. Rf8+ Kh7 42. R1f7+ Rg7 43. Rxg7+ Nxg7 44. Rf7 Kg6 45. Rxg7+ Kf5 46. Rxc7
Ke5 47. Rxb7 Ke4 48. Rxb6 Kd3 49. Rxd6 Kc3 50. Rc6 Kxb3 51. d6 h5 52. d7 h4 53.
d8=Q Kc3 54. Qd4+ Kc2 55. c5 Kc1 56. Qd3 Kb2 57. Rb6+ Kc1 58. Rb1# 1-0

[Event "Mistrzostwa Polski Mlodzikow do 10 lat  - chlopcy"]
[Site "Chrusty k. Zagnanska"]
[Date "1899-12-30"]
[Round "5.25"]
[White "Maciejek, Marcel"]
[Black "Pawlowski, Kamil"]
[Result "0-1"]
[WhiteTitle "II"]
[BlackTitle "II"]
[WhiteElo "1165"]
[BlackElo "1054"]

1. e4 e5 2. Nf3 Nc6 3. Bc4 Bc5 4. c3 Nf6 5. d3 O-O 6. h3 d6 7. Bb3 Be6 8. Bc2 h6
9. Nbd2 Qd7 10. Nf1 Nh7 11. Ng3 Bb6 12. O-O f5 13. Nh4 fxe4 14. dxe4 Nf6 15. Nhf5
Kh7 16. Qe2 d5 17. Nh4 d4 18. c4 Bxh3 19. Nhf5 Bxf5 20. Nxf5 Nb4 21. Rd1 Nxc2
22. Qxc2 Nxe4 23. Qxe4 Qxf5 24. Qxf5+ Rxf5 25. b4 a6 26. Re1 d3 27. c5 Ba7 28.
g4 Rf3 29. Rxe5 Raf8 30. Be3 b6 31. Rd1 Rd8 32. g5 Rd7 33. gxh6 gxh6 34. Re6 Rh3
35. Bf4 Rh4 36. c6 Rg7+ 37. Bg3 Rxb4 38. Rxd3 Ra4 39. Rd7 Rxa2 40. Rxg7+ Kxg7
41. Bxc7 b5 42. Bd8 Rxf2 43. Re7+ Rf7+ 44. Kg2 Rxe7 45. Bxe7 Bb6 46. Bd6 a5 47.
c7 Bxc7 48. Bxc7 a4 49. Bd6 Kf6 50. Bf4 a3 51. Bc1 b4 52. Kf2 Ke5 53. Ke2 h5 54.
Kd3 h4 0-1

[Event "Mistrzostwa Polski Mlodzikow do 10 lat  - chlopcy"]
[Site "Chrusty k. Zagnanska"]
[Date "1899-12-30"]
[Round "5.27"]
[White "Grobelny, Mikolaj"]
[Black "Fil, Grzegorz"]
[Result "1/2-1/2"]
[WhiteTitle "II"]
[BlackTitle "II"]
[WhiteElo "1031"]
[BlackElo "1184"]

1. c4 e5 2. Nc3 Nf6 3. g3 Nc6 4. Bg2 Bc5 5. e3 d6 6. Nge2 O-O 7. O-O Be6 8. d4
exd4 9. exd4 Nxd4 10. Nxd4 Bxc4 11. Re1 c6 12. b3 Ba6 13. Na4 Bb4 14. Bd2 Bxd2
15. Qxd2 d5 16. Nc5 Qb6 17. Nxa6 Qxa6 18. Qe2 Qxe2 19. Rxe2 Rfe8 20. Rae1 Rxe2
21. Rxe2 Kf8 22. Kf1 Re8 23. Rxe8+ Kxe8 24. Nf5 g6 25. Nd6+ Ke7 26. Nxb7 Kd7 27.
Nc5+ Kd6 28. Nd3 Ne4 29. Bxe4 dxe4 30. Nc1 f5 31. Ke2 Ke5 32. Ke3 a6 33. a3 Kd5
34. Na2 c5 35. Nc3+ Ke5 36. Na4 Kd5 37. Nb6+ Ke5 38. h3 h6 39. Nc4+ Kd5 40. Nd2
Ke5 41. f3 exf3 42. Nxf3+ Ke6 43. Nd2 Ke5 44. Nc4+ Ke6 45. Nb6 g5 46. Na4 Kd5
47. Nb6+ Ke5 48. Nd7+ Kd6 49. Nf6 Ke5 50. Ng8 h5 51. Ne7 f4+ 52. Kf3 fxg3 53.
Kxg3 Kd4 54. Nc6+ Kd5 55. Nb8 a5 56. Nd7 c4 57. Nb6+ Kc5 58. Nxc4 Kb5 59. Nb2
Kc5 60. Kf2 g4 61. h4 Kd4 62. Nc4 a4 63. Nb2 axb3 64. a4 Kc5 65. Ke3 Kb4 66. Kd2
Ka5 67. Ke3 Kb4 68. Kd2 Ka5 69. Ke1 Kb4 70. Kd1 Ka5 1/2-1/2

[Event "Mistrzostwa Polski Mlodzikow do 10 lat  - chlopcy"]
[Site "Chrusty k. Zagnanska"]
[Date "1899-12-30"]
[Round "6.1"]
[White "Bartodziej, Bartosz"]
[Black "Seemann, Jakub"]
[Result "1/2-1/2"]
[WhiteTitle "II"]
[BlackTitle "II+"]
[WhiteElo "1468"]
[BlackElo "1627"]

1. d4 Nf6 2. c4 g6 3. Nc3 Bg7 4. e4 d6 5. Be2 O-O 6. Be3 e5 7. d5 a5 8. g4 Na6
9. h4 Nc5 10. Bxc5 dxc5 11. g5 Ne8 12. Qd2 f6 13. h5 fxg5 14. hxg6 hxg6 15. Qe3
b6 16. Nf3 Rf4 17. O-O-O Nd6 18. Rdg1 Nf7 19. Rh2 Qf6 20. Kb1 Bd7 21. Rhg2 Bh6
22. Ka1 g4 23. Qd3 gxf3 24. Rxg6+ Qxg6 25. Rxg6+ Kh7 26. Rg1 fxe2 27. Nxe2 Rg4
28. Rh1 Rag8 29. Qf3 R8g7 30. Ng3 Rf4 31. Qe3 Bg4 32. a3 Nd6 33. Nf5 Bxf5 34.
exf5 Nf7 35. Qd3 Rxf2 36. Qe4 Rf4 37. Qe2 Rxf5 38. Qe4 Nd6 39. Qh4 Rg6 40. Qe7+
Rf7 41. Qxe5 Nxc4 42. Qe8 Nd6 43. Qe5 Kg8 44. Qh5 Kh7 45. Qe5 c4 46. Qd4 Rgf6
47. Qd1 b5 48. Qc2+ Nf5 49. Qe4 Re7 50. Qf4 Re1+ 51. Ka2 Rxh1 52. Qxc7+ Kg6 53.
Qc8 Rd1 54. Qe8+ Kg7 55. Qd7+ Rf7 56. Qe8 Rxd5 57. a4 b4 58. Qe4 b3+ 59. Ka3 Rd4
60. Qe5+ Kh7 61. Qg7+ 1/2-1/2

[Event "Mistrzostwa Polski Mlodzikow do 10 lat  - chlopcy"]
[Site "Chrusty k. Zagnanska"]
[Date "1899-12-30"]
[Round "6.2"]
[White "Ptaszynski, Szymon"]
[Black "Wierzbicki, Dawid"]
[Result "0-1"]
[WhiteTitle "II"]
[BlackTitle "I"]
[WhiteElo "1312"]
[BlackElo "1419"]

1. c4 e5 2. g3 Nc6 3. Nc3 g6 4. Bg2 d6 5. d3 Bg7 6. Nf3 Be6 7. O-O h6 8. a3 Qd7
9. Re1 Nge7 10. Qc2 Bh3 11. Bh1 h5 12. Bd2 h4 13. Rac1 hxg3 14. fxg3 Bg4 15. Rf1
Bxf3 16. Bxf3 Qh3 17. Rf2 Nd4 18. Qa4+ c6 19. Bh1 Nef5 20. Ne4 Ke7 21. Qb4 Rab8
22. Qa5 Rhc8 23. Qb4 Bh6 24. Bxh6 Qxh6 25. Rc3 Qe3 26. Kf1 Qh6 27. Kg1 a6 28.
Qa4 Rh8 29. Qa5 Ne6 30. Qb4 Qe3 31. Kf1 Nc5 32. Rf3 Qd4 33. Qb6 Rxh2 34. Qc7+
Nd7 35. Bg2 Rbh8 36. Nf2 Ne3+ 37. Ke1 Nxg2+ 38. Kd2 R2h7 39. Ne4 f5 40. Ng5 Rh5
41. Nf7 Rf8 0-1

[Event "Mistrzostwa Polski Mlodzikow do 10 lat  - chlopcy"]
[Site "Chrusty k. Zagnanska"]
[Date "1899-12-30"]
[Round "6.3"]
[White "Musial, Igor"]
[Black "Adamala, Jacek"]
[Result "1-0"]
[WhiteTitle "II+"]
[BlackTitle "II"]
[WhiteElo "1399"]
[BlackElo "1310"]

1. e4 e5 2. Nf3 Nc6 3. Bc4 Bc5 4. c3 Nf6 5. d3 O-O 6. O-O d6 7. Nbd2 a6 8. Bb3
h6 9. h3 Be6 10. Re1 Qd7 11. Nf1 Bxb3 12. axb3 d5 13. exd5 Qxd5 14. Ne3 Qd7 15.
Nc4 e4 16. Nfe5 Nxe5 17. Nxe5 Qf5 18. d4 Rad8 19. Qe2 Be7 20. Ng4 Rfe8 21. Be3
Nxg4 22. hxg4 Qe6 23. Qc4 Qxc4 24. bxc4 Rd6 25. Bf4 Rg6 26. Rxe4 Rxg4 27. Rae1
Kf8 28. f3 f5 29. Rxe7 Rxe7 30. Rxe7 Rxf4 31. Rxc7 g5 32. Rxb7 g4 33. fxg4 Rxg4
34. Rb6 Kg7 35. Rxa6 f4 36. Kf2 1-0

[Event "Mistrzostwa Polski Mlodzikow do 10 lat  - chlopcy"]
[Site "Chrusty k. Zagnanska"]
[Date "1899-12-30"]
[Round "6.4"]
[White "Raczek, Krzysztof"]
[Black "Borowik, Wojciech"]
[Result "0-1"]
[WhiteTitle "II"]
[BlackTitle "II+"]
[WhiteElo "1290"]
[BlackElo "1527"]

1. e4 c5 2. Nc3 Nc6 3. Bb5 e6 4. Bxc6 bxc6 5. f4 Nf6 6. Nf3 Be7 7. O-O O-O 8. d3
d5 9. Qe1 Ba6 10. b3 Rc8 11. e5 Nd7 12. Ne2 c4 13. dxc4 dxc4 14. Bb2 Nc5 15. g4
Qb6 16. Kh1 cxb3 17. axb3 Bb7 18. f5 Ne4 19. Ng3 Ng5 20. Nxg5 Bxg5 21. h3 c5+
22. Kh2 c4 23. b4 Bh4 24. c3 Qc6 25. Qe2 Rcd8 26. Rad1 Rd3 27. Rxd3 cxd3 28. Qf2
Rd8 29. fxe6 Qxe6 30. Bc1 Bc6 31. Bd2 Ra8 32. Qf5 Bxg3+ 33. Kxg3 Qd5 34. Rf2 Re8
35. Bf4 Bd7 36. Qh5 Re6 37. g5 Rc6 38. Rd2 Rxc3 39. h4 Rc1 40. Qf3 Rg1+ 41. Rg2
Qxf3+ 42. Kxf3 Bc6+ 43. Ke3 Rxg2 0-1